Rumbo a la libertad: ¿por qué la izquierda y el neoliberalismo fracasan en América latina?
Đã lưu trong:
| Tác giả chính: | |
|---|---|
| Định dạng: | Sách |
| Ngôn ngữ: | Tiếng Tây Ban Nha |
| Được phát hành: |
Santiago
Planeta Chilena
2004
|
| Những chủ đề: | |
| Các nhãn: |
Thêm thẻ
Không có thẻ, Là người đầu tiên thẻ bản ghi này!
|
MARC
| LEADER | 00000nam a2200000 a 4500 | ||
|---|---|---|---|
| 001 | UCK6832 | ||
| 003 | CL-VaPUC | ||
| 008 | 051021e20040000CL |||||||||||||||||spa|d | ||
| 020 | |a 9504912575 | ||
| 082 | 0 | 4 | |a 320.98 |b VAR |2 21 |
| 100 | 0 | |a Vargas Llosa, Alvaro |e author |9 496309 | |
| 245 | 1 | 0 | |a Rumbo a la libertad: ¿por qué la izquierda y el neoliberalismo fracasan en América latina? |
| 300 | |a 337 p | ||
| 942 | |c BK | ||
| 945 | |d 20051021 00:00:00 |a cmena | ||
| 260 | |a Santiago |b Planeta Chilena |c 2004 | ||
| 650 | 0 | |a Política y gobierno |9 255151 | |
| 650 | 7 | |a FILOSOFIA POLITICA |2 CL-VaPUC |9 496310 | |
| 650 | 0 | |a Ideologías políticas |9 255735 | |
| 650 | 0 | |a Neoliberalismo |9 330090 | |
| 651 | 0 | |a América Latina |9 255027 | |
| 583 | |a last modification |c 20051021 00:00:00 |k Rodrigo Vera | ||
| 999 | |c 314978 |d 314976 | ||
| 952 | |0 0 |1 0 |4 0 |6 320_980000000000000_VAR_2004 |7 0 |8 A |9 387839 |a BIBCUR |b BIBCUR |d 2019-11-22 |i 4094867 |l 1 |o 320.98 VAR 2004 |p 4094867 |r 2025-04-22 |s 2023-11-17 |w 2019-11-22 |y BK |k PER | ||